<?xml version="1.0" encoding="UTF-8"?>
<record
    xmlns:xsi="http://www.w3.org/2001/XMLSchema-instance"
    xsi:schemaLocation="http://www.loc.gov/MARC21/slim http://www.loc.gov/standards/marcxml/schema/MARC21slim.xsd"
    xmlns="http://www.loc.gov/MARC21/slim">

  <leader>01968nam a22002177a 4500</leader>
  <controlfield tag="003">0</controlfield>
  <controlfield tag="005">20241019140547.0</controlfield>
  <controlfield tag="008">241019b        xxu||||| |||| 00| 0 eng d</controlfield>
  <datafield tag="020" ind1=" " ind2=" ">
    <subfield code="a">9780367457419</subfield>
  </datafield>
  <datafield tag="050" ind1=" " ind2=" ">
    <subfield code="a">HB 72</subfield>
    <subfield code="b">.J67 2024</subfield>
  </datafield>
  <datafield tag="100" ind1=" " ind2=" ">
    <subfield code="a">Josephson, Anna,</subfield>
    <subfield code="e">author.</subfield>
  </datafield>
  <datafield tag="245" ind1=" " ind2=" ">
    <subfield code="a">Research ethics in applied economics :</subfield>
    <subfield code="b">a practical guide /</subfield>
    <subfield code="c">Anna Josephson and Jeffrey D. Michler.</subfield>
  </datafield>
  <datafield tag="260" ind1=" " ind2=" ">
    <subfield code="a">New York, NY :</subfield>
    <subfield code="b">Routledge,</subfield>
    <subfield code="c">2024.</subfield>
  </datafield>
  <datafield tag="300" ind1=" " ind2=" ">
    <subfield code="a">xviii, 378 p. :</subfield>
    <subfield code="b">ill. ;</subfield>
    <subfield code="c">24 cm.</subfield>
  </datafield>
  <datafield tag="504" ind1=" " ind2=" ">
    <subfield code="a">Includes bibliographical references and index.</subfield>
  </datafield>
  <datafield tag="520" ind1=" " ind2=" ">
    <subfield code="a">"Research Ethics in Applied Economics Emphasizing the new challenges posed by the data science revolution, digital media, and changing standards, Research Ethics in Applied Economics examines the ethical issues faced by the applied economics researcher at each stage of the research process. The first section of the book considers project development, including issues of project management, selection bias in asking research questions, and political incentives in the development and funding of research ideas. The second section addresses data collection and analysis, discussing concerns about participant rights, data falsification, data management, specification search, p-hacking, and replicability. The final section focuses on sharing results with academic audiences and beyond, with an emphasis on self-plagiarism, self-promotion, and the importance of achieving policy impact. The discussion and related recommendations highlight emergent issues in research ethics. Featuring case studies from experienced researchers on how they address ethical issues, this book provides practical guidance to both students and experienced practitioners seeking to navigate ethical issues in their applied economics research"--Provided by publisher.</subfield>
  </datafield>
  <datafield tag="650" ind1=" " ind2=" ">
    <subfield code="a">Economics</subfield>
    <subfield code="v">Moral and ethical aspects.</subfield>
  </datafield>
  <datafield tag="650" ind1=" " ind2=" ">
    <subfield code="a">Economics</subfield>
    <subfield code="v">Study and teaching.</subfield>
  </datafield>
  <datafield tag="700" ind1=" " ind2=" ">
    <subfield code="a">Michler, Jeffrey D.,</subfield>
    <subfield code="e">author.</subfield>
  </datafield>
  <datafield tag="942" ind1=" " ind2=" ">
    <subfield code="2">lcc</subfield>
    <subfield code="c">BK</subfield>
  </datafield>
  <datafield tag="999" ind1=" " ind2=" ">
    <subfield code="c">366606</subfield>
    <subfield code="d">366606</subfield>
  </datafield>
  <datafield tag="952" ind1=" " ind2=" ">
    <subfield code="0">0</subfield>
    <subfield code="1">0</subfield>
    <subfield code="2">lcc</subfield>
    <subfield code="4">0</subfield>
    <subfield code="a">CL</subfield>
    <subfield code="b">CL</subfield>
    <subfield code="c">RES</subfield>
    <subfield code="d">2024-10-19</subfield>
    <subfield code="e">Library Fund</subfield>
    <subfield code="l">0</subfield>
    <subfield code="o">HB 72 .J67 2024</subfield>
    <subfield code="p">C23853</subfield>
    <subfield code="r">2024-10-19 00:00:00</subfield>
    <subfield code="w">2024-10-19</subfield>
    <subfield code="y">BK</subfield>
  </datafield>
</record>
